000 00573nam a2200205Ia 4500
005 20250508151645.0
008 008 250505s9999 xx 000 0 eng d
037 _aTextual
040 _aFEDL
_beng
_cFEDL
041 _aeng
_2eng
084 _a330.1, SIL
_qFEDL
100 _aSilverman H. A.
245 0 _aSubstance of economics: For the student and the general reader
250 _a13
260 _aLondon, UK
_bISAAC Pitman and Sons Ltd.
300 _axvii,387p
650 _aEconomics
942 _cTEXL
_h330.1, SIL
999 _c1331203
_d1331203